Nutrition in Sport (Record no. 11295)

MARC details
000 -LEADER
fixed length control field 00254nam a22000977a 4500
008 - FIXED-LENGTH DATA ELEMENTS--GENERAL INFORMATION
fixed length control field 190205b ||||| |||| 00| 0 eng d
020 ## - INTERNATIONAL STANDARD BOOK NUMBER
International Standard Book Number 9781841260037
100 ## - MAIN ENTRY--PERSONAL NAME
Personal name Neumann
9 (RLIN) 7037
245 ## - TITLE STATEMENT
Title Nutrition in Sport
260 ## - PUBLICATION, DISTRIBUTION, ETC. (IMPRINT)
Place of publication, distribution, etc. Uk
Name of publisher, distributor, etc. Meyer & Meyer and Sports
Date of publication, distribution, etc. 2001
Holdings
Withdrawn status Lost status Source of classification or shelving scheme Damaged status Koha normalized classification for sorting Not for loan Home library Current library Shelving location Date acquired Total Checkouts Full call number Barcode Date last seen Price effective from Koha item type
    Dewey Decimal Classification   796_000000000000000_C9 Not For Loan Good Samaritan School Library Good Samaritan School Library Sports & Games 02/05/2019   796 C-9 NEU15230 02/05/2019 02/05/2019 BOOK

Powered by Koha